02698cam a2200349 i 4500001000800000005001700008006001900025007001500044008004100059020001800100035002600118040003500144041000700179042000800186050002400194245010300218264004400321264000900365300004700374490004400421504005100465505082800516520067401344650004502018650004602063700003202109700004602141700003302187942000802220952010502228999001502333927150820260126102539.0m d cr n 130725t20142014nyua ob 001 0 eng d a9780415634441 a(WaSeSS)ssj0001132616 aICU/DLCbengcICUdDLCdWaSeSS aen apcc00aML3540.7b.M88 201400aMusic in video games b: studying play c/ edited by K. J. Donnelly, William Gibbons, Neil Lerner. 1aNew York ;aLondon :bRoutledge,c2014. 4c2014 axiii, 232 pages . : illustrations ; 23 cm.0 aRoutledge music and screen media series aIncludes bibliographical references and index. tMario's dynamic leaps : musical innovations and the specter of early cinema in Donkey Kong and Super Mario Bros.— The temporary avatar zone : pico-pico parties in Tokyo— Nintendo's art of musical play— Transcribing musical worlds, or, is L.A. noire a music game?— Meaningful modular combinations : simultaneous harp and environmental music in two Legend of Zelda games— Wandering tonalities : silence, sound, and morality in Shadow of the colossus— Fear of the unknown : music and sound design in psychological horror games— Lawn of the dead : the indifference of musical destiny in Plants vs. zombies— Music, history, and progress in Sid Meier's Civilization IV— "The place I'll return to someday" : musical nostalgia in Final fantasy IX— From Parsifal to the Playstation : Wagner and video game music. aFrom its earliest days as little more than a series of monophonic outbursts to its current-day scores that can rival major symphonic film scores, video game music has gone through its own particular set of stylistic and functional metamorphoses while both borrowing and recontextualizing the earlier models from which it borrows. With topics ranging from early classics like Donkey Kong and Super Mario Bros. to more recent hits like Plants vs. Zombies, the eleven essays in Music in Video Games draw on the scholarly fields of musicology and music theory, film theory, and game studies, to investigate the history, function, style, and conventions of video game music. 0aVideo game musicxHistory and criticism. 0aVideo game musicxAnalysis, appreciation. aDonnelly, K. J.q(Kevin J.) aGibbons, Williamq(William James),d1981- aLerner, Neil William,d1966- 2ddc 00102lcc4070aTBSbTBSd2026-01-26l0oML3540.7 MUSr2026-01-26t1w2026-01-26y1zSOON AVAILABLE c5300d5300